Microbiología de los alimentos y sus procesos de elaboración /
Guardado en:
| Autor Principal: | |
|---|---|
| Formato: | Libro |
| Publicado: |
Zaragoza :
Acribia,
1978
|
| Materias: | |
| Etiquetas: |
Agregar Etiqueta
Sin Etiquetas, Sea el primero en etiquetar este registro!
|
| LEADER | 00570nam a22001815a 4500 | ||
|---|---|---|---|
| 001 | CEM.cems016028 | ||
| 008 | 130507s1978##################000#0#####d | ||
| 005 | 20210907185703.0 | ||
| 003 | CEMS | ||
| 245 | 1 | 0 | |a Microbiología de los alimentos y sus procesos de elaboración / |c John T Nickerson, Anthony Minskey |
| 260 | |a Zaragoza : |b Acribia, |c 1978 | ||
| 300 | |a 278 p. | ||
| 100 | 1 | |a Nickerson, John T | |
| 082 | 0 | 4 | |a 664.8 |
| 653 | |a Alimentos | ||
| 653 | |a Alimentos-microbiología | ||
| 653 | |a Botulismo | ||
| 859 | |a CEMS |b BIB. CEMS - Agricultura |h 664.8 |i N534 |p A16297.91 |t Ej.1 |v 1 |3 Vol. 1 | ||
